10 najwyżej ocenionych złotych kart w fifie 23 - Statystyki

Ogólne statystyki
  • Ten quiz został rozwiązany 45 razy
  • Średni wynik to 7 z 10
Statystyki odpowiedzi
ocena ogólna odpowiedź % Poprawnych
91 Mbappe
95%
91 Lewandowski
92%
91 Messi
92%
90 Ronaldo
82%
91 De bruyne
76%
91 Benzema
66%
90 Salah
50%
90 Courtois
34%
90 Neuer
34%
90 Van Dijk
34%
Nie znaleziono quizów pasujących do podanych kryteriów
Rozkład punktacji
Procent ludzi z każdym wynikiem
Percentyl według liczby udzielonych odpowiedzi
Twoja historia wyników
Nie rozwiązałeś tego quizu